পূর্ব পাকিস্তানের শিল্প সম্ভবনা / (Record no. 55985)
[ view plain ]
| 000 -LEADER | |
|---|---|
| fixed length control field | 00862nam a2200217 a 4500 |
| 001 - CONTROL NUMBER | |
| control field | 55985 |
| 003 - CONTROL NUMBER IDENTIFIER | |
| rucl marc code | BD-RjUL |
| 005 - DATE AND TIME OF LATEST TRANSACTION | |
| control field | 20211209080335.0 |
| 008 - FIXED-LENGTH DATA ELEMENTS--GENERAL INFORMATION | |
| fixed length control field | 161124s1964 bg ||||| |||| 00| 0 ben d |
| 035 ## - SYSTEM CONTROL NUMBER | |
| System control number | (BD-RjUL)56109 |
| 040 ## - CATALOGING SOURCE | |
| Original cataloging agency | BD-RjUL |
| Language of cataloging | ben |
| Transcribing agency | BD-RjUL |
| 041 ## - LANGUAGE CODE | |
| Language code of text/sound track or separate title | ben |
| 082 ## - DEWEY DECIMAL CLASSIFICATION NUMBER | |
| Edition number | 23 |
| Classification number | 338.549 |
| Author mark and year | KHP 1964 |
| 100 ## - MAIN ENTRY--PERSONAL NAME | |
| Personal name | কুদরাত-এ খুদা, মুহাম্মাদ |
| 9 (RLIN) | 166653 |
| 245 ## - TITLE STATEMENT | |
| Title | পূর্ব পাকিস্তানের শিল্প সম্ভবনা / |
| Statement of responsibility, etc. | মুহাম্মাদ কুদরাত-এ খুদা |
| 260 ## - PUBLICATION, DISTRIBUTION, ETC. (IMPRINT) | |
| Place of publication, distribution, etc. | ঢাকা : |
| Name of publisher, distributor, etc. | বাঙলা একাডেমী, |
| Date of publication, distribution, etc. | ১৯৬৪. |
| 300 ## - PHYSICAL DESCRIPTION | |
| Pagination | ৬৪ পৃ. ; |
| Size | ২১ সেমি. |
| 650 ## - SUBJECT ADDED ENTRY--TOPICAL TERM | |
| Topical term or geographic name as entry element | শিল্প |
| Geographic subdivision | পূর্ব পাকিস্তান |
| 9 (RLIN) | 166654 |
| Topical term or geographic name as entry element | Production |
| Geographic subdivision | East Pakistan |
| 9 (RLIN) | 166655 |
| 942 ## - ADDED ENTRY ELEMENTS (KOHA) | |
| Source of classification or shelving scheme | Dewey Decimal Classification |
| Koha item type | Books |
| Lost status | Source of classification or shelving scheme | Damaged status | Not for loan | Collection code | Permanent Location | Current Location | Shelving location | Date acquired | Source of acquisition | Cost, normal purchase price | Total Checkouts | Full call number | Date last seen | Copy number | Koha item type |
|---|---|---|---|---|---|---|---|---|---|---|---|---|---|---|---|
| Dewey Decimal Classification | Non-fiction | Central Library, University of Rajshahi | Central Library, University of Rajshahi | 26/12/1984 | Bangla Academy | 1.50 | B 338.5492 KHP 1964 | 24/11/2016 | C-2 | Books |